| 000 | 00349nam a22001337a 4500 | ||
|---|---|---|---|
| 008 | 171113b xxu||||| |||| 00| 0 eng d | ||
| 050 |
_aD251 _b.T46 1973 |
||
| 100 | _aBernard, Brodie | ||
| 245 |
_aWar AND Politics/ _cBernard Brodie |
||
| 260 |
_aNew york: _bMacmillan, _c1973 |
||
| 300 |
_axii,514p. _c23cm |
||
| 650 |
_aWar _vBook |
||
| 942 |
_2lcc _cBK |
||
| 999 |
_c51721 _d51721 |
||